| 000 | 00330nam a22001097a 4500 | ||
|---|---|---|---|
| 008 | 170105b xxu||||| |||| 00| 0 eng d | ||
| 020 | _a9789951408516 | ||
| 041 | _aeng | ||
| 080 | _a618.2 | ||
| 245 |
_aAVANCIMI I INFERMIERISE permes zbatimit te teorive infermieriike ne praktike _cSIRKKA, K.A & KURKI, R & GASHI, F |
||
| 942 |
_2udc _cBK |
||
| 999 |
_c2553 _d2553 |
||